000
00332nam a2200133Ia 4500
008
151213s9999 xx 000 0 und d
100
_a
Laslie Stephen
245
_a
Samuel Johnson
_c
Laslie Stephen
260
_a
London
_b
Macmillan and Co.
_c
1891
300
_a
6543 p.
650
_a
English
700
_a
Laslie Stephen
999
_c
3625
_d
3625